Statistics for Papua New Guinea - Canada Border Chain

Click here to take the quiz!

General Stats

  • This quiz has been taken 31 times
  • The average score is 16 of 18

Answer Stats

Country% Correct
Indonesia
100%
China
96%
Malaysia
96%
Russia
96%
France
92%
Germany
92%
Myanmar/Laos
92%
Poland
92%
Thailand
92%
Brazil
84%
Columbia
84%
United States of America
84%
Guatemala
80%
Honduras
80%
Mexico
80%
Nicaragua
80%
Panama
80%
Costa Rica
76%

Score Distribution

Percentile by Number Answered

Percent of People with Each Score

Your Score History

You have not taken this quiz